000 00965cam a22003137a 4500
003 CHAP
005 20220817043137.0
008 971013s1982 r 00010 d
010 _a66764
011 _a67736
035 _a77208
040 _cCHAP
082 _a583.322
_bF3
110 _aFAO
245 1 0 _aWinged bean production in the tropics
260 _aRome :
_bFAO,
_c1982
300 _a217 p.
_b: ilus.
490 0 _aFAO. Producción y protección vegetal
_v; 38
590 _aBATCH-UPD
_b10
_c20130110
_lUCH01
_h0326
590 _aBATCH-UPD
_b10
_c20130409
_lUCH01
_h2359
590 _aBATCH-UPD
_b10
_c20130914
_lUCH01
_h1428
590 _aCONVERSION
_b10
_c20130109
_lUCH01
_h1337
650 1 4 _aPsophorcarpus tetragonolobus.
_992632
700 0 _aKhan, T. N.
_963147
830 0 _aFAO. Producción y protección vegetal
_v; 38
_939654
901 _aBK
942 _cLIBRO
949 _a583.322 F3
_bBC
_cFAO
_d-30073
_eFAO1
_gI.139752
_h72302
_i77208
_si
_t14.24
999 _c66764
_d66764